000 00344pam a2200145 a 4500
020 _c
041 _h
082 _a5.7300000000000004
_bGOO
100 _aGoodrich,M.T.
245 _aData Structures And Algorithms
_hTextual Documents
260 _aNew Delhi
_bWiley India
_c2009
300 _aXV/682
700 _aDamassia,R.
930 _a1302
999 _c108135
_d108135